Focus sur: Gabrielle Delacour - Harry Potter - Statistiques

Statistiques générales
  • Ce quiz a été pris 193 fois
  • Le résultat moyen est 7 sur 10
Statistiques - réponses
Informations recherchées Réponses % Correct
Première apparition Harry Potter et la Coupe de Feu
99%
Sœur Fleur Delacour
95%
Ecole fréquentée Beauxbâtons
93%
Couleur des cheveux Blond
92%
Lieu de rencontre avec Harry Potter Poudlard
90%
Intérieur de la baguette Cheveu de Vélane
82%
Espèce (partiellement) Vélane
80%
Statut du sang Hybride
58%
Mère Apolline Delacour
32%
Actrice l'interprétant dans les films Angelica Mandy
20%
Aucun quiz correspondant
Distribution des résultats
% des personnes avec chaque résultat
Percentile par nombre de réponses
Votre historique - résultats
Vous n’avez pas pris ce quiz